Normal view
MARC view
Entry Personal Name
001 - CONTROL NUMBER
- control field: 18903
003 - CONTROL NUMBER IDENTIFIER
- control field: OSt
005 - DATE AND TIME OF LATEST TRANSACTION
- control field: 20260422153703.0
008 - FIXED-LENGTH DATA ELEMENTS
- fixed length control field: 260422|| aca||aabn | a|a d
040 ## - CATALOGING SOURCE
- Original cataloging agency: OSt
- Transcribing agency: OSt
100 ## - HEADING--PERSONAL NAME
- Personal name: Translated by Garnett, Constance
670 ## - SOURCE DATA FOUND
- Source citation: Work cat.: (OSt)360769: Dostoevsky, Fyodor 11742, Crime and punishment, 2025
